Catálogo
 En Linea

Los obstáculos epistemológicos en la enseñanza / (Registro nro. 23550)

Detalles MARC
000 -CABECERA
campo de control de longitud fija 01328nam a2200253 a 4500
001 - NÚMERO DE CONTROL
campo de control 000024055
005 - FECHA Y HORA DE LA ÚLTIMA TRANSACCIÓN
campo de control 20200930022659.0
008 - DATOS DE LONGITUD FIJA--INFORMACIÓN GENERAL
campo de control de longitud fija 110118s2001 sp a r 000 | spa d
020 ## - NÚMERO INTERNACIONAL ESTÁNDAR DEL LIBRO
Número Internacional Estándar del Libro 8474328551
040 ## - FUENTE DE LA CATALOGACIÓN
Centro catalogador/agencia de origen DO-SdBNP
Lengua de catalogación spa
Centro/agencia transcriptor BNPHU
082 ## - NÚMERO DE LA CLASIFICACIÓN DECIMAL DEWEY
Número de clasificación xxxx
Número de documento/Ítem O14e
245 14 - MENCIÓN DE TÍTULO
Título Los obstáculos epistemológicos en la enseñanza /
Mención de responsabilidad, etc. compiladora de Alicia R.W. de Camilloni ; traducción de Alcira Bixio.
260 ## - PUBLICACIÓN, DISTRIBUCIÓN, ETC.
Lugar de publicación, distribución, etc. Barcelona :
Nombre del editor, distribuidor, etc. Gedisa,
Fecha de publicación, distribución, etc. 2001.
300 ## - DESCRIPCIÓN FÍSICA
Extensión 223 p. :
Otras características físicas il. ;
Dimensiones 23 cm.
490 ## - MENCIÓN DE SERIE
Mención de serie Biblioteca de Educación
Designación de volumen o secuencia 10
490 ## - MENCIÓN DE SERIE
Mención de serie Didáctica General
Designación de volumen o secuencia 10
500 ## - NOTA GENERAL
Nota general Selección de artículos publicados en los números 24 y 25 de la revista ASTER
500 ## - NOTA GENERAL
Nota general Incluye notas al pie de páginas
505 0# - NOTA DE CONTENIDO CON FORMATO
Título Trabajar los obstáculos para asimilar los conocimientos científicos /
Mención de responsabilidad Guy Rumelhard
Nota de contenido con formato Construcción de problemas y superación de obstáculos /
Mención de responsabilidad Michel Fabre y Christian Orange
Título - Empleo de objetos museológicos para tratar los obstáculos en la esfera de las ciencias y la técnica /
Mención de responsabilidad Jack Guichard y Françoise Guichard
Título Identificación de los obstáculos por parte de los alumnos /
Mención de responsabilidad Brigitte Peterfalvi.
700 1# - PUNTO DE ACCESO ADICIONAL--NOMBRE DE PERSONA
Nombre de persona Camilloni, Alicia R.W. de,
Numeración comp.
9 (RLIN) 49428
700 1# - PUNTO DE ACCESO ADICIONAL--NOMBRE DE PERSONA
Nombre de persona Bixio, Alcira,
Término indicativo de función/relación tr.
9 (RLIN) 49429
830 #0 - PUNTO DE ACCESO ADICIONAL DE SERIE-TÍTULO UNIFORME
Título uniforme Biblioteca de Educación,
Número de parte o sección de la obra 10
9 (RLIN) 49430
830 #0 - PUNTO DE ACCESO ADICIONAL DE SERIE-TÍTULO UNIFORME
Título uniforme Didáctica General,
Número de parte o sección de la obra 10
9 (RLIN) 49431
Existencias
Estado de retiro Estado de pérdida Restricciones de uso No para préstamo Código de colección Localización permanente Ubicación/localización actual Ubicación en estantería Fecha de adquisición Número de inventario Total de préstamos Signatura topográfica completa Código de barras Fecha visto por última vez Precio válido a partir de Tipo de ítem Koha
      Excluido de préstamo Monografías: Libros y Folletos General General En catalogación 18.01.2011 LF1   xxxx O14e 24055-10 25.06.2020 25.06.2020 No se presta

Con tecnología Koha